00664nam a2200229 a 4500001001300000003000900013005001700022008004100039020001000080082001700090245002500107260004700132300000800179500003500187505001300222650001800235710003300253902000800286942000700294952011800301999001500419nice12345678IN_TiNIC20260116012354.0050524s1981 sina grp 000 0 eng  ac10000a270.82bCCA3 aIndochina Consortium aSingapurbChristian Conference Indiac1981 a41p aincludes index and biblioraphy2 aEpilogue aEcumenicalism2 aChristian Conference of Asia bSRS cBK 001040708StackRoom-aHMIbHMId2007-07-17g100.00l0o270.82 CCA3p012634r2007-07-17v100.00w2005-05-24yBK c6751d6751